|
|
|
|
| LEADER |
02382nam a2200361 i 4500 |
| 001 |
44397 |
| 003 |
BD-DhAAL |
| 005 |
20251019121134.0 |
| 008 |
250424t2015 nyu b 001 0 eng |
| 010 |
|
|
|a 2014028773
|
| 020 |
|
|
|a 9780807756089 (pbk. : alk. paper)
|
| 020 |
|
|
|z 9780807773444 (e-book)
|
| 040 |
|
|
|a DLC
|b eng
|c DLC
|e rda
|d DLC
|d BD-DhAAL
|
| 042 |
|
|
|a pcc
|
| 043 |
|
|
|a d------
|
| 050 |
0 |
0 |
|a LC2605
|b .C46 2015
|
| 082 |
0 |
0 |
|a 370.91724
|2 23
|
| 100 |
1 |
|
|a Chabbott, Colette,
|e author.
|9 7677
|
| 245 |
1 |
0 |
|a Institutionalizing health and education for all :
|b global goals, innovations, and scaling up /
|c Colette Chabbott with Mushtaque Chodhury ; foreword by Francisco O. Ramirez.
|
| 260 |
|
|
|a New York, NY ;
|a London :
|b Teachers College Press,
|c c2015.
|
| 300 |
|
|
|a x, 252 pages ;
|c 23 cm
|
| 490 |
0 |
|
|a International perspectives on education reform
|
| 504 |
|
|
|a Includes bibliographical references and index.
|
| 541 |
|
|
|a Complimentary copy from Dr. Ahmed Mushtaque Raza Chowdhury (Former Vice Chairperson of BRAC)
|e 44397, 44398
|
| 650 |
|
0 |
|a Educational change
|z Developing countries.
|9 58182
|
| 650 |
|
0 |
|a Public health
|z Developing countries.
|
| 700 |
|
|
|a Chowdhury, A. M. Raza,
|e author.
|
| 830 |
|
|
|a International perspectives on education reform
|9 58183
|
| 852 |
|
|
|a Ayesha Abed Library
|c Ahmed Mushtaque Raza Chowdhury Collection
|
| 942 |
|
|
|2 ddc
|c BK
|
| 999 |
|
|
|c 47290
|d 47290
|
| 952 |
|
|
|0 0
|1 0
|2 ddc
|4 0
|6 370_917240000000000_CHA
|7 1
|9 77662
|a BRACUL
|b BRACUL
|c AMRC
|d 2025-04-24
|e Complimentary copy from Dr. Ahmed Mushtaque Raza Chowdhury (Former Vice Chairperson of BRAC)
|l 0
|o 370.91724 CHA
|p 3010044397
|r 2025-04-24
|t 1
|w 2025-04-24
|y BK
|x Complimentary copy received from Dr. Ahmed Mushtaque Raza Chowdhury (Former Vice Chairperson of BRAC) on 17 April 2025. ; The University Librarian instructed to process the photocopy of the book because the author is the copyright recipient.
|
| 952 |
|
|
|0 0
|1 0
|2 ddc
|4 0
|6 370_917240000000000_CHA
|7 1
|9 77663
|a BRACUL
|b BRACUL
|c AMRC
|d 2025-04-24
|e Complimentary copy from Dr. Ahmed Mushtaque Raza Chowdhury (Former Vice Chairperson of BRAC)
|l 0
|o 370.91724 CHA
|p 3010044398
|r 2025-04-24
|t 2
|w 2025-04-24
|y BK
|x Complimentary copy received from Dr. Ahmed Mushtaque Raza Chowdhury (Former Vice Chairperson of BRAC) on 17 April 2025 ; The University Librarian instructed to process the photocopy of the book because the author is the copyright recipient.
|